Exploring Christian doctrine / (Record no. 9971)

MARC details
000 -LEADER
fixed length control field 02129cam a22003378i 4500
001 - CONTROL NUMBER
control field 871219536
003 - CONTROL NUMBER IDENTIFIER
control field OCoLC
005 - DATE AND TIME OF LATEST TRANSACTION
control field 20241126110722.0
008 - FIXED-LENGTH DATA ELEMENTS--GENERAL INFORMATION
fixed length control field 140224t20142014iluab b 001 0 eng
010 ## -
-- 2014003545
020 ## - INTERNATIONAL STANDARD BOOK NUMBER
International Standard Book Number 9780830825462
Qualifying information (print)
020 ## - INTERNATIONAL STANDARD BOOK NUMBER
International Standard Book Number 9780281064496
035 ## - SYSTEM CONTROL NUMBER
System control number (OCoLC)871219536
Canceled/invalid control number (OCoLC)859881724
040 ## - CATALOGING SOURCE
Original cataloging agency DLC
Language of cataloging eng
Description conventions rda
Transcribing agency DLC
Modifying agency TLE
-- ABF
-- CDX
042 ## -
-- pcc
050 00 -
-- BT75.3
-- .L355 2014
082 00 - DEWEY DECIMAL CLASSIFICATION NUMBER
Classification number 230
Edition information 23
Item number LAN
092 ## - LOCALLY ASSIGNED DEWEY CALL NUMBER (OCLC)
Classification number 230
Item number L24e
100 1# - MAIN ENTRY--PERSONAL NAME
Personal name Lane, Tony
Relator term author.
9 (RLIN) 17339
245 10 - TITLE STATEMENT
Title Exploring Christian doctrine /
Statement of responsibility, etc. Tony Lane.
264 #1 - PRODUCTION, PUBLICATION, DISTRIBUTION, MANUFACTURE, AND COPYRIGHT NOTICE
Place of production, publication, distribution, manufacture London :
Name of producer, publisher, distributor, manufacturer SPCK,
Date of production, publication, distribution, manufacture, or copyright notice 2013.
300 ## - PHYSICAL DESCRIPTION
Extent vii, 308 pages :
Other physical details illustrations, maps ;
Dimensions 26 cm
336 ## - CONTENT TYPE
Content type term text
Content type code txt
Source rdacontent
337 ## - MEDIA TYPE
Media type term unmediated
Media type code n
Source rdamedia
338 ## - CARRIER TYPE
Carrier type term volume
Carrier type code nc
Source rdacarrier
504 ## - BIBLIOGRAPHY, ETC. NOTE
Bibliography, etc. note Includes bibliographical references and indexes.
505 0# - FORMATTED CONTENTS NOTE
Formatted contents note Method. Knowing God -- The Bible -- Speaking about God -- Creation. The creation of the universe -- The spirit world -- Humanity -- Sin and Evil. Sin -- The Fall and original sin -- Providence -- Evil and suffering (theodicy) -- Redemption: God and His Work. The law and the Old Testament -- The work of Christ -- The person of Christ (Christology) -- The uniqueness of Christ -- Holy Spirit -- The Trinity -- God -- Redemption: Personal. Christian initiation -- Baptism -- Justification and assurance -- Sanctification -- Perseverance and reward -- Redemption: Corporate. Grace and election -- The Church 1 (ecclesiology) -- The Church 2 -- Holy Communion -- Future Glory (Eschatology). The end times -- Hell -- Future hope.
520 ## - SUMMARY, ETC.
Summary, etc. This reliable and highly readable textbook provides comprehensive coverage of core Christian beliefs. Based on the author's introductory Christian doctrine course, the book rests firmly on biblical foundations while providing a balanced discussion of areas where evangelicals disagree. The text includes essay topics and further reading suggestions.
Assigning source --From publisher's description.
650 #0 - SUBJECT ADDED ENTRY--TOPICAL TERM
Topical term or geographic name entry element Theology, Doctrinal.
Authority record control number or standard number https://id.loc.gov/authorities/subjects/sh85134686
9 (RLIN) 14
942 ## - ADDED ENTRY ELEMENTS (KOHA)
Source of classification or shelving scheme Dewey Decimal Classification
Koha item type Books
Koha issues (borrowed), all copies 4
Holdings
Withdrawn status Lost status Source of classification or shelving scheme Damaged status Not for loan Home library Current Library Shelving location Date acquired Total checkouts Full call number Barcode Date last seen Date last checked out Copy number Price effective from Koha item type
    Dewey Decimal Classification     GRACE BIBLE COLLEGE GRACE BIBLE COLLEGE Theology 2023-10-27 6 230 LAN 020580 2025-05-30 2025-05-06 c.1 2023-10-27 Books
© Grace Bible College Library 2025